| 000 | 00502nam a2200169Ia 4500 | ||
|---|---|---|---|
| 999 |
_c26337 _d26337 |
||
| 003 | OSt | ||
| 005 | 20201221150957.0 | ||
| 008 | 190216s9999||||xx |||||||||||||| ||und|| | ||
| 040 | _coclc | ||
| 082 |
_a894.812 _bBAS/V |
||
| 100 |
_aBasheer, M M _97277 |
||
| 245 | 0 |
_aVerukal Thedi / _cM M Basheer |
|
| 260 |
_bSahithya Pravarthaka Sahakarana Sangam, _aKottayam: _c1981. |
||
| 300 | _a195p | ||
| 650 | _aSahithya Vimarshanam | ||
| 942 |
_cBK _2ddc _h894.812 _iBAS/V _k894.812 _mBAS/V |
||